[Event "FRA-ch op-A"]
[Site "Chartres"]
[Date "2019.??.??"]
[Round "9"]
[White "Burille, Matthieu"]
[Black "Guignier, Nicolas"]
[Result "1/2-1/2"]
[WhiteElo "2127"]
[BlackElo "2218"]
[PlyCount "112"]
[EventDate "2019.08.17"]
[EventType "swiss"]
[EventRounds "9"]
[EventCountry "FRA"]
[SourceTitle "EXT 2020"]
[Source "ChessBase"]
[SourceDate "2019.10.17"]
[SourceVersion "1"]
[SourceVersionDate "2019.10.17"]
[SourceQuality "1"]

1. e4 e5 2. Nf3 Nc6 3. Bb5 a6 4. Ba4 b5 5. Bb3 Nf6 6. 0-0 d6 7. d3 Na5 8. Nc3 Nxb3 9. axb3 b4 10. Ne2 c5 11. Ng3 Be7 12. Nd2 0-0 13. Nc4 a5 14. h3 Ra6 15. Ra2 Be6 16. Qf3 Qd7 17. Bg5 h6 18. Bxf6 Bxf6 19. Rfa1 Rfa8 20. Nf5 d5 21. Nce3 dxe4 22. dxe4 Kh7 23. Rd1 Qc8 24. Nd5 Bd8 25. Nfe3 a4 26. Rxa4 Rxa4 27. bxa4 Rxa4 28. Nc4 Qa6 29. b3 Ra2 30. Qd3 f6 31. Kh2 Qa7 32. g3 Be7 33. Kg2 Bf8 34. g4 Qf7 35. Rd2 Qg6 36. f4 Bc8 37. f5 Qg5 38. Qe3 Ba6 39. Qxg5 hxg5 40. Nce3 c4 41. Rf2 cxb3 42. cxb3 Rxf2+ 43. Kxf2 Bd3 44. Kf3 Bc5 45. Nc4 Bxc4 46. bxc4 b3 47. Ke2 b2 48. Nc3 Bd4 49. Nb1 Kg8 50. Kd3 Kf8 51. Kc2 Ke7 52. Nd2 Kd6 53. Nb3 Bc3 54. Kb1 Kc6 55. Kc2 Kd6 56. Kb1 Kc6 1/2-1/2